Śaktism in India : (Record no. 164444)

MARC details
000 -LEADER
fixed length control field 00742nam a22001937a 4500
005 - DATE AND TIME OF LATEST TRANSACTION
control field 20190520152310.0
010 ## - LCCN (DPL NO)
LC control number ENG-125239
020 ## - INTERNATIONAL STANDARD BOOK NUMBER
International Standard Book Number 9788183151856
Terms of availability 1500.00
035 ## - SYSTEM CONTROL NUMBER
System control number EN-108771
037 ## - SOURCE OF ACQUISITION
Source of stock number/acquisition DBAD/PUB
082 ## - DEWEY DECIMAL CLASSIFICATION NUMBER
Classification number 235.954
100 ## - MAIN ENTRY--PERSONAL NAME
Personal name Pushpendra Kumar
245 ## - TITLE STATEMENT
Title Śaktism in India :
Statement of responsibility, etc by Pushpendra Kumar
Remainder of title with special reference to the Purānic literature /
260 ## - PUBLICATION, DISTRIBUTION, ETC. (IMPRINT)
Place of publication, distribution, etc New Delhi
Name of publisher, distributor, etc New Bharatiya Book Corporation
Date of publication, distribution, etc 2012
270 ## - ADDRESS
Address 208, IInd Floor, Prakash Deep Building, 4735/22, Ansari Road
City Darya Ganj, New Delhi
Postal code 110002
300 ## - PHYSICAL DESCRIPTION
Extent vi, 304 p., [24] p. of plates :
Dimensions 25cm(Hb)
Other physical details ill. (some col.) ;
500 ## - GENERAL NOTE
General note Includes bibliographical references and index
942 ## - ADDED ENTRY ELEMENTS (KOHA)
Source of classification or shelving scheme Dewey Decimal Classification
Item type English Books
Classification part 235.954
Call number suffix PUS
Holdings
Withdrawn status Lost status Not for loan Collection code Home library Current library Date acquired Source of acquisition Cost, normal purchase price Full call number Barcode Copy number Cost, replacement price Koha item type
      Non-fiction Sarojini Nagar Sarojini Nagar 20/05/2019 DBAD/PUB 1500.00 235.954 PUS EN-108771 1 1500.00 English Books

© Delhi Public Library
Hit Counter
free hit counter